000
00239nam a22000977a 4500
020
_a
0064400026
100
_a
Laura Ingalls Wilder
245
_a
Little house on the prairie
260
_a
New York
_b
Harper & Brothers
_c
, 1935
942
_c
BK
999
_c
264793
_d
264792